000 01409cam a2200145 4500500
005 20251214004328.0
041 _afre
042 _adc
100 1 0 _aPattier, Jean-Baptiste
_eauthor
700 1 0 _aChaunu, Emmanuel
_eauthor
245 0 0 _aLes animaux héros de l'Histoire
260 _bArmand Colin,
_c2023.
520 _aDepuis l’Antiquité, les animaux cheminent avec les hommes. A leurs côtés jusque dans les  conflits, les éléphants se font chars d’assaut, les cochons lance-flammes, les chevaux deviennent les pièces maîtresses des armées. Qu’ils aient été anonymes ou célèbres - tel Vizir  le cheval de Napoléon - les animaux  ont accompagné  les hommes dans leurs volontés de conquête. Leur participation parfois décisive a débordé  des champs de bataille pour (plus récemment) aller dans l’espace  où chimpanzés et  chiens ont précédé les pas de l’homme. Ces héros, bien souvent cobayes au service du progrès, deviennent alors la clés des grandes découvertes scientifiques.Plus souvent oubliés que décorés, les animaux  sont aussi les héros de notre  Histoire. Des héros auxquels  Jean-Baptiste Pattier et Emmanuel Chaunu rendent hommage dans un ouvrage illustré où l’Histoire laisse la part belle aux anecdotes.
856 4 1 _uhttps://shs.cairn.info/les-animaux-heros-de-l-histoire--9782200630591?lang=fr&redirect-ssocas=7080
999 _c1568445
_d1568445